000 02456nam0a2200361 4500
001 RU\NLR\bibl\1188206
005 20260407174812.0
035 _a(NLR Aleph) 001174773
090 _a1619995
_c1619995
100 _a20080213d2003 |||y0rusy50 ca
101 0 _arus
_aita
102 _aRU
_aIT
105 _aa |||||||||
200 1 _aПастель в Российской академии художеств в прошлом и настоящем
_dIl Pastello all'accademia delle belle arti di Russia ieri e oggi
_e[каталог выставки пастелей преподавателей и студентов Российской академии художеств, Санкт-Петербург, февраль-март 2003 г.
_fсост.: П.С. Чахотин и Е.И. Прасолова
_gтексты: Н.М. Балакиной и др.]
_zita
210 _aСанкт-Петербург
_cЕвропастель
_aAlba
_cComitato Europastello
_d2003
215 _a95 с.
_cил., цв. ил.
_d29
300 _aТекст парал. на рус. и итал. яз.
300 _aНа тит.л.: Трехсотлетие основания Санкт-Петербурга - 1703-2003
309 _aНа тит. л. и корешке: IV
510 1 _aIl Pastello all'accademia delle belle arti di Russia ieri e oggi
_zita
601 0 2 _aРоссийская академия художеств
_bНаучно-исследовательский музей
_cСанкт-Петербург, город
_jКаталоги
_xВыставки
_z2003
_92533212
_3RU\NLR\auth\661500353
606 1 _aПастель русская
_jКаталоги
_xВыставки
_yСанкт-Петербург, город
_z19 - 20 вв.
_z2003
_92533214
_3RU\NLR\auth\661500354
686 _aЩ101.3(2Р)-2Санкт-Петербург2Научно-исследовательский музей л62
686 _aЩ143(2Р=Рус)53-456л62
686 _aЩ143(2Р=Рус)7-456л62
702 1 _aЧахотин
_bП. С.
_4220
711 0 2 _aРоссийская академия художеств
_bВыставка пастелей преподавателей и студентов
_eСанкт-Петербург
_f2003
_9724461
_3RU\NLR\AUTH\8810112372
801 0 _aRU
_bNLR
_c20080213
_gRCR
801 1 _aRU
_bNLR
_c20080213
942 _cBOOK
980 _aNB